| 000 | 00575nam a2200229 a 4500 | ||
|---|---|---|---|
| 999 |
_c10451 _d10451 |
||
| 001 | 10451 | ||
| 003 | BD-JhCC | ||
| 005 | 20180430193947.0 | ||
| 008 | 180428s1966 u |||| || | 000 0 eng d | ||
| 035 | _a(BD-JhCC)10451 | ||
| 040 |
_aBD-JhCC _dBD-JhCC |
||
| 041 | _aeng | ||
| 082 |
_a823.8 _bTHO 1966 |
||
| 100 | _aThompson, Frank H. | ||
| 245 |
_aJude The Obscure : _bNotes / _c Frank H. Thompson, |
||
| 260 |
_aUSA : _bCliff's Notes _c1966 |
||
| 300 |
_a67 p. : _c21 cm. |
||
| 650 | _aExamination | ||
| 650 | _aJude The Obscure | ||
| 942 |
_2ddc _cBK |
||